All BLACKPINK songs (updated May 2026) - Statistics

General Stats
  • This quiz has been taken 2,270 times
    73 since last reset
  • The average score is 76 of 100
Answer Stats
Hint Songs % Correct
Kill This Love
100%
FLOWER
98%
GO
98%
JUMP
98%
STAY
98%
BOOMBAYAH
96%
How You Like That
96%
Pink Venom
96%
Shut Down
96%
APT. (with Bruno Mars)
94%
MONEY
94%
Songs WHISTLE
94%
Champion
92%
Ice Cream (with Selena Gomez)
92%
PLAYING WITH FIRE
92%
Typa Girl
92%
earthquake
91%
On The Ground
91%
Rockstar
91%
All Eyes On Me
89%
Gone
89%
like JENNIE
89%
Lovesick Girls
89%
SOLO
89%
toxic till the end
89%
Crazy Over You
87%
Forever Young
87%
LALISA
87%
Me and my
87%
Pretty Savage
87%
Sour Candy (with Lady Gaga)
87%
Bet You Wanna (feat. Cardi B)
85%
DDU-DU DDU-DU
85%
Hope Not
85%
Tally
85%
You Never Know
85%
Fxxxboy
83%
Kick It
83%
Kiss and Make Up (with Dua Lipa)
83%
Love To Hate Me
83%
Hard to Love
81%
The Happiest Girl
81%
Don't Know What To Do
79%
EYES CLOSED (with ZAYN)
79%
Mantra
79%
number one girl
79%
Yeah Yeah Yeah
79%
You & Me
79%
As If It's Your Last
77%
New Woman (feat. ROSALÍA)
77%
Ready For Love
77%
Really
77%
Your Love
77%
Dream
75%
ExtraL (feat. DOECHII)
75%
Love Hangover (feat. Dominic Fike)
75%
ZEN
75%
TEARS
74%
twin
74%
Handlebars (feat. Dua Lipa)
72%
Moonlit Floor (Kiss Me)
72%
Seoul City
72%
3am
70%
Born Again (feat. Doja Cat & RAYE)
70%
FXCK UP THE WORLD (feat. Future)
70%
Hugs & Kisses
70%
See U Later
70%
THE GIRLS
70%
with the IE (way up)
70%
SG (with DJ Snake, Ozuna & Megan Thee Stallion)
68%
Starlight
68%
start a war
68%
drinks or coffee
66%
Rapunzel (feat. Megan Thee Stallion)
66%
SPOT! (with ZICO)
66%
gameboy
64%
One Of The Girls (with The Weeknd & Lily Rose Depp)
64%
stay a little longer
62%
Dracula (with Tame Impala)
60%
Elastigirl
60%
Filter
60%
Lifestyle
58%
When I'm With You (feat. Tyla)
58%
Bad Angel (with Anyma)
57%
BADGRRRL
57%
Chill
57%
Damn Right (feat. Childish Gambino & Kali Uchis)
57%
dance all night
57%
Messy
57%
two years
57%
F.T.S.
55%
not the same
55%
On My Mind (with Alex Warren)
55%
Thunder
55%
Priceless (with Maroon 5)
53%
call it the end
51%
Intro: JANE (with FKJ)
51%
too bad for us
51%
Slow Motion (with Matt Champion)
38%
Build a Bitch (with Bella Poarch)
13%
No matching quizzes found
Score Distribution
Percent of People with Each Score
Percentile by Number Answered
Your Score History
You have not taken this quiz since the last reset